<?xml version="1.0" encoding="UTF-8"?>
<marc:record xmlns:marc="http://www.loc.gov/MARC21/slim">
   <marc:leader>00000nam a2200000 a 4500</marc:leader>
   <marc:datafield ind1="1" ind2=" " tag="100">
      <marc:subfield code="a">Deimer, Petra</marc:subfield>
      <marc:subfield code="4">aut</marc:subfield>
      <marc:subfield code="e">Verfasser/-in</marc:subfield>
   </marc:datafield>
   <marc:datafield ind1=" " ind2=" " tag="653">
      <marc:subfield code="a">Wale</marc:subfield>
   </marc:datafield>
   <marc:datafield ind1=" " ind2=" " tag="653">
      <marc:subfield code="a">Delfine</marc:subfield>
   </marc:datafield>
   <marc:datafield ind1="0" ind2="0" tag="245">
      <marc:subfield code="a">Wale und Delphine</marc:subfield>
   </marc:datafield>
   <marc:datafield ind1="0" ind2="0" tag="245">
      <marc:subfield code="c">Petra Deimer</marc:subfield>
   </marc:datafield>
   <marc:datafield ind1=" " ind2="1" tag="264">
      <marc:subfield code="a">Nürnberg</marc:subfield>
      <marc:subfield code="b">Tessloff</marc:subfield>
      <marc:subfield code="c">1999</marc:subfield>
   </marc:datafield>
   <marc:datafield ind1="1" ind2=" " tag="490">
      <marc:subfield code="a">¬Ein¬ Was-ist-was-Buch ; 85</marc:subfield>
   </marc:datafield>
   <marc:datafield ind1="1" ind2=" " tag="520">
      <marc:subfield code="a">Die Autorin ist eine international bekannte Meeresbiologin (vgl. BA 8/87) und Gründerin der Gesellschaft zum Schutz der Meeressäugetiere. So informiert dieser Band sozusagen aus erster Hand. In der reihenüblichen Frage-Antwort-Form wird zunächst die Abstammung von Landsäugetieren erörtert, werden die verschiedenen Walarten mit ihren jeweiligen, oft sensationellen, Eigenschaften vorgestellt: der 35 m lange Blauwal, der bis in 1000 m Tiefe tauchende Pottwal u.a. Weitere Fragen gelten den besonderen Sinnesorganen, dem Wander- und Fortpflanzungsverhalten sowie dem Walfang und Walschutz. Der gut verständliche, genau erklärende Text wird in dem grosszügig und ansprechend aufgemachten Buch von vielen farbigen Bildern (teils Fotos) begleitet. - Allen (Schul-)Bibliotheken (auch wegen des spürbaren Engagements für die teilweise vom Aussterben bedrohten Meeressäuger) nachdrücklich empfohlen. Ab 10.Jürgen Betzmann</marc:subfield>
   </marc:datafield>
   <marc:datafield ind1=" " ind2=" " tag="020">
      <marc:subfield code="a">3788604255</marc:subfield>
      <marc:subfield code="9">3788604255</marc:subfield>
   </marc:datafield>
   <marc:datafield ind1=" " ind2=" " tag="300">
      <marc:subfield code="a">48 S. : zahlr. Ill. (überw. farb.)</marc:subfield>
   </marc:datafield>
</marc:record>
